Worker's workplace organisations their conceptual identification, historically specific conditions and manifestations
Guardado en:
| Autor principal: | |
|---|---|
| Formato: | Libro |
| Lenguaje: | inglés |
| Publicado: |
Helsinky
School of Economics
1983
|
| Colección: | Acta Academiae Oeconomicae Helsingiensis
series A:38 |
| Etiquetas: |
Sin Etiquetas, Sea el primero en etiquetar este registro!
|
MARC
| LEADER | 00000nam a2200000 4500 | ||
|---|---|---|---|
| 001 | c131570 | ||
| 005 | 20140522091800.8 | ||
| 041 | 0 | |a eng | |
| 044 | |a FI | ||
| 245 | 1 | 0 | |a Worker's workplace organisations |b their conceptual identification, historically specific conditions and manifestations |c Kari Lilja |
| 264 | 1 | |a Helsinky |b School of Economics |c 1983 | |
| 300 | |a 227 s. | ||
| 490 | 1 | |a Acta Academiae Oeconomicae Helsingiensis |v series A:38 | |
| 830 | 0 | |a Acta Academiae Oeconomicae Helsingiensis |v series A:38 | |
| 100 | 1 | |a Lilja, Kari | |